Statistiques concernant Top 15 des langues les plus parlées

Cliquez ici pour prendre le quiz!

Statistiques générales

  • Ce quiz a été pris 179 fois
  • Le résultat moyen est 9 sur 15

Statistiques - réponses

HintRéponse% Correct
1.452 Banglais
100%
548.3 Mespagnol
100%
274.1 Mfrancais
100%
257.7 Mportugais
92%
258.2 Mrusse
88%
1.118 Bmandarin
87%
274 Marabe
85%
134.6 Mallemand
83%
125.4 Mjaponais
78%
602.2 Mhindi
47%
199 Mindonesien
22%
231.3 Mourdou
7%
120.7 Mnigerien
4%
272.7 Mbangali
3%
99.1 Mmarathi
1%

Distribution des résultats

Percentile par nombre de réponses

% des personnes avec chaque résultat

Votre développement - résultats

Vous n’avez pas pris ce quiz